Music Quiz

Random Music or Song Quiz

United State of Pop 2008 Quiz Stats

 Plays Quiz Updated Oct 12, 2018

Challenge
Share
Tweet
Score 0/25 Timer 07:00
0 Plays Today
Song % Correct
I Kissed a Girl
94.9%
Apologize
87.7%
Touch My Body
85.8%
Lollipop
84.1%
So What
82.8%
With You
80.2%
Love Song
74.9%
Whatever You Like
74.9%
Viva La Vida
74%
Disturbia
68.3%
Bleeding Love
68.1%
Kiss Kiss
65.9%
Don't Stop the Music
65.7%
Song % Correct
Closer
63.8%
No One
63.1%
Low
60.4%
No Air
58.1%
Bubbly
52.9%
Take a Bow
48%
Love in This Club
44.1%
Sexy Can I
42.6%
Forever
36%
Pocketful of Sunshine
30.9%
4 Minutes
27.9%
Paralyzer
8.2%

You're not logged in!

Compare scores with friends on all Sporcle quizzes.
OR
Log In

You Might Also Like...

Show Comments

Extras

Top Quizzes Today


Score Distribution

Your Account Isn't Verified!

In order to create a playlist on Sporcle, you need to verify the email address you used during registration. Go to your Sporcle Settings to finish the process.

Report this User

Report this user for behavior that violates our Community Guidelines.

Details: